<?xml version="1.0" encoding="UTF-8"?>
<record
    xmlns:xsi="http://www.w3.org/2001/XMLSchema-instance"
    xsi:schemaLocation="http://www.loc.gov/MARC21/slim http://www.loc.gov/standards/marcxml/schema/MARC21slim.xsd"
    xmlns="http://www.loc.gov/MARC21/slim">

  <leader>00607nam a22001817a 4500</leader>
  <controlfield tag="003">UA-OsUOA</controlfield>
  <controlfield tag="001"> 13946 </controlfield>
  <controlfield tag="007">ta</controlfield>
  <controlfield tag="008">20030706b un ||||| |||| 00| 0 ukr d</controlfield>
  <datafield tag="100" ind1=" " ind2=" ">
    <subfield code="a">&#x413;&#x43E;&#x440;&#x434;&#x438;&#x447; &#x412;.</subfield>
  </datafield>
  <datafield tag="942" ind1=" " ind2=" ">
    <subfield code="c">SA</subfield>
  </datafield>
  <datafield tag="040" ind1=" " ind2=" ">
    <subfield code="a">UA-OsUOA</subfield>
    <subfield code="c">UA-OsUOA</subfield>
    <subfield code="d">UA-OsUOA</subfield>
  </datafield>
  <datafield tag="245" ind1=" " ind2=" ">
    <subfield code="a">&#x406;&#x442;&#x430;&#x43B;&#x456;&#x439;&#x441;&#x44C;&#x43A;&#x430; &#x43A;&#x430;&#x432;&#x430; &#x432; &#x420;&#x456;&#x432;&#x43D;&#x43E;&#x43C;&#x443; : [&#x406;&#x442;&#x430;&#x43B;&#x456;&#x454;&#x446;&#x44C; &#x419;&#x43E;&#x441;&#x438;&#x43F; &#x411;&#x435;&#x440;&#x442;&#x43E;&#x437;&#x430; &#x432;&#x456;&#x434;&#x43A;&#x440;&#x438;&#x432; &#x443; &#x420;&#x456;&#x432;&#x43D;&#x43E;&#x43C;&#x443; &#x437;-&#x434; &#x43F;&#x43E; &#x432;&#x438;&#x433;&#x43E;&#x442;&#x43E;&#x432;&#x43B;&#x435;&#x43D;&#x43D;&#x44E; &#x43A;&#x430;&#x432;&#x438;]</subfield>
  </datafield>
  <datafield tag="300" ind1=" " ind2=" ">
    <subfield code="a">&#x421;.3</subfield>
  </datafield>
  <datafield tag="955" ind1=" " ind2=" ">
    <subfield code="a">0</subfield>
  </datafield>
  <datafield tag="773" ind1="0" ind2=" ">
    <subfield code="w">0</subfield>
    <subfield code="t">&#x421;&#x456;&#x43C; &#x434;&#x43D;&#x456;&#x432;</subfield>
    <subfield code="d">&#x420;&#x456;&#x432;&#x43D;&#x435;</subfield>
    <subfield code="d">2003</subfield>
    <subfield code="g">&#x2116;25/20 &#x447;&#x435;&#x440;&#x432;./</subfield>
  </datafield>
  <datafield tag="650" ind1=" " ind2="7">
    <subfield code="a">&#x419;&#x43E;&#x441;&#x438;&#x43F; &#x411;&#x435;&#x440;&#x442;&#x43E;&#x437;&#x430;</subfield>
    <subfield code="2">UDC</subfield>
  </datafield>
  <datafield tag="999" ind1=" " ind2=" ">
    <subfield code="c">300107</subfield>
    <subfield code="d">300107</subfield>
  </datafield>
</record>
